01176cam a2200301 i 45000010009000000050017000090060019000260070015000450080041000600100017001010200018001180200018001360400028001540420008001820430012001900500024002022450125002262600036003513000041003875040051004286500061004796500062005406500036006026500033006386500052006717000033007237760118007562190676320240709131816.0m |o d | cr_|||||||||||210216s2021 mdu ob 001 0 eng  a 2021007205 a9781793642448 z9781793642431 aDLCbengcDLCerdadDLC apcc af------00aPL 8010 .A3546 202100aAfrican women writing diaspora :btransnational perspectives in the twenty-first century /cedited by Rose A. Sackeyfio. aLanham:bLexington Books,c2021 a 1 online resource (viii, 138 pages) aIncludes bibliographical references and index. 0aAfrican literaturez21st centuryxHistory and criticism. 0aAfrican literaturexWomen authorsxHistory and criticism. 0aAfrican diaspora in literature. 0aWomen, Black, in literature. 0aIdentity (Philosophical concept) in literature.1 aSackeyfio, Rose A.,eeditor.08iPrint version:tAfrican women writing diasporadLanham : Lexington Books, [2021]z9781793642431w(DLC) 2021007204